Statistics for Liverpool squad 2021/22

Click here to take the quiz!

General Stats

  • This quiz has been taken 28 times
  • The average score is 17 of 27

Answer Stats

#PositionNationPlayer% Correct
1GKBrazilAlisson
96%
4DFNetherlandsVirgil van Dijk
96%
14MFEnglandJordan Henderson
83%
ManagerManagerGermanyJürgen Klopp
83%
26DFScotlandAndrew Robertson
79%
3MFBrazilFabinho
79%
11FWEgyptMohamed Salah
79%
9FWBrazilRoberto Firmino
75%
10FWSenegalSadio Mané
75%
18FWJapanTakumi Minamino
75%
66DFEnglandTrent Alexander-Arnold
75%
32DFCameroonJoël Matip
71%
20FWPortugalDiogo Jota
67%
5DFFranceIbrahima Konaté
67%
8MFGuineaNaby Keïta
67%
17MFEnglandCurtis Jones
58%
67FWEnglandHarvey Elliot
58%
7MFEnglandJames Milner
58%
12DFEnglandJoe Gomez
54%
23FWColombiaLuis Díaz
50%
13GKSpainAdrián
46%
62GKIrelandCaoimhín Kelleher
46%
21DFGreeceKonstantinos Tsimikas
46%
22GKGermanyLoris Karius
46%
15MFEnglandAlex Oxlade-Chamberlain
25%
46DFEnglandRhys Williams
25%
6MFSpainThaigo
4%

Score Distribution

Percentile by Number Answered

Percent of People with Each Score

Your Score History

You have not taken this quiz